00483nam a2200121 a 450000500170000000800410001705000210005810000320007924501370011126000750024830000140032365000240033720140408090124.0060801s19uu xx 00 eng d aPGS '06bLAZ #65 aLazaro, Angelica Therese Y. aPerceptive of selected caregivers on the psychological effects on placing elderly in retirement homes /cAngelica Therese Y. Lazaro. aLas Pinas City :bSouthville International School and Colleges,c2006. a34 leaves aDescriptive method.